[Event "ROC Nova College GpA"]
[Site "Haarlem NED"]
[Date "2010.07.02"]
[Round "1"]
[White "Sadler,M"]
[Black "Von Meijenfeldt,Bart"]
[Result "1-0"]
[WhiteElo "2617"]
[BlackElo "2034"]
[EventDate "2010.07.02"]

1. e4 c5 2. Nf3 d6 3. d4 cxd4 4. Nxd4 Nf6 5. Nc3 a6 6. Bg5 e6 7. Qf3 Nbd7
8. O-O-O Be7 9. g4 Qc7 10. h4 b5 11. Bxf6 Nxf6 12. a3 Bb7 13. g5 Nd7 14.
Bh3 Ne5 15. Qg3 Nc4 16. Bxe6 fxe6 17. Nxe6 Qd7 18. Nxg7+ Kd8 19. Nd5 Bxd5
20. exd5 Kc8 21. Ne6 Kb7 22. f4 Rhg8 23. Qh3 Ka7 24. Nd4 Qxh3 25. Rxh3 Rae8
26. b3 Nb6 27. f5 Nxd5 28. Nc6+ Kb7 29. Nxe7 Nxe7 30. f6 Rgf8 31. fxe7 Rxe7
32. Rxd6 Rc7 33. Kb2 Rf4 34. Rh6 1-0

[Event "ROC Nova College GpA"]
[Site "Haarlem NED"]
[Date "2010.07.03"]
[Round "2"]
[White "Van Oosterom,C"]
[Black "Sadler,M"]
[Result "0-1"]
[WhiteElo "2413"]
[BlackElo "2617"]
[EventDate "2010.07.02"]

1. e4 a6 2. d4 h6 3. Bd3 c5 4. dxc5 e6 5. Be3 Qc7 6. b4 Nc6 7. c3 d6 8.
cxd6 Bxd6 9. Nf3 Nf6 10. h3 g5 11. a3 g4 12. Nd4 Ne5 13. Be2 Nxe4 14. hxg4
Bd7 15. g5 O-O-O 16. gxh6 Bc6 17. Nxc6 Qxc6 18. Qb3 Bc7 19. a4 Ng3 20. fxg3
Qxg2 21. Rf1 Nd3+ 22. Bxd3 Rxd3 0-1

[Event "ROC Nova College GpA"]
[Site "Haarlem NED"]
[Date "2010.07.03"]
[Round "2"]
[White "Van den Doel,E"]
[Black "Ris,R"]
[Result "1/2-1/2"]
[WhiteElo "2591"]
[BlackElo "2423"]
[EventDate "2010.07.02"]

1. e4 e5 2. Nf3 Nc6 3. Bb5 Bc5 4. O-O Nd4 5. Nxd4 Bxd4 6. c3 Bb6 7. d4 c6
8. Ba4 d6 9. Na3 exd4 10. cxd4 Ne7 11. d5 O-O 12. dxc6 bxc6 13. Bg5 Ba6 14.
Re1 Rc8 15. Rc1 Re8 16. Nc4 Bxc4 17. Rxc4 f6 18. Bf4 d5 19. exd5 Qxd5 20.
Rce4 Qxd1 21. Rxd1 Ng6 22. Bb3+ Kh8 23. Rxe8+ Rxe8 24. Bf7 Re7 25. Bxg6
hxg6 26. Kf1 g5 27. Bc1 Re5 28. Rd3 Kg8 29. Bd2 Kf7 30. Rd7+ Re7 31. Rxe7+
Kxe7 32. f3 Ke6 33. Ke2 Ke5 1/2-1/2

[Event "ROC Nova College GpA"]
[Site "Haarlem NED"]
[Date "2010.07.03"]
[Round "2"]
[White "Kravtsiv,M"]
[Black "Peng Zhaoqin"]
[Result "1-0"]
[WhiteElo "2559"]
[BlackElo "2403"]
[EventDate "2010.07.02"]

1. e4 e6 2. d4 d5 3. Nc3 Bb4 4. e5 c5 5. a3 Bxc3+ 6. bxc3 Nc6 7. Nf3 Qa5 8.
Qd2 f6 9. Bd3 Bd7 10. a4 O-O-O 11. Ba3 cxd4 12. cxd4 Qxd2+ 13. Kxd2 Nh6 14.
Rhe1 Nf7 15. h4 Rde8 16. g4 Na5 17. g5 f5 18. Bb4 Nc6 19. Bc3 g6 20. Rg1
Reg8 21. Rg2 h6 22. gxh6 Nxh6 23. Ng5 Nd8 24. Ke2 Nhf7 25. Nf3 Nh6 26. a5
Ng4 27. Rag1 a6 28. Bd2 Nc6 29. Rb1 Kc7 30. Rgg1 Na7 31. Bb4 Bb5 32. Ng5
Kd7 33. f3 Nh6 34. Rh1 Bxd3+ 35. Kxd3 Nb5 36. h5 gxh5 1-0

[Event "ROC Nova College GpA"]
[Site "Haarlem NED"]
[Date "2010.07.03"]
[Round "3"]
[White "Sadler,M"]
[Black "Kravtsiv,M"]
[Result "1-0"]
[WhiteElo "2617"]
[BlackElo "2559"]
[EventDate "2010.07.02"]

1. e4 e5 2. Nf3 Nc6 3. Bb5 a6 4. Ba4 Nf6 5. d3 b5 6. Bb3 Be7 7. Nbd2 O-O 8.
Qe2 d6 9. c3 Na5 10. Bc2 c5 11. Nf1 Nc6 12. Ng3 Re8 13. O-O Bf8 14. h3 Rb8
15. Nh2 b4 16. Ba4 Bd7 17. Bxc6 Bxc6 18. c4 Bd7 19. f4 exf4 20. Bxf4 Be6
21. Qd2 Nd7 22. Nf3 f6 23. Rf2 Ne5 24. Raf1 Rb7 25. Be3 Qa5 26. b3 Qd8 27.
Nh5 a5 28. g4 a4 29. Nh4 axb3 30. axb3 Ra7 31. Nf5 Ra3 32. g5 Bf7 33. Nh6+
gxh6 34. Nxf6+ Kh8 35. Nxe8 Qxe8 36. d4 cxd4 37. Bxd4 Bg7 38. gxh6 Rxb3 39.
hxg7+ Kg8 40. Qg5 h6 41. Qxh6 Rg3+ 42. Rg2 1-0

[Event "ROC Nova College GpA"]
[Site "Haarlem NED"]
[Date "2010.07.03"]
[Round "3"]
[White "Turov,M"]
[Black "Van den Doel,E"]
[Result "0-1"]
[WhiteElo "2628"]
[BlackElo "2591"]
[EventDate "2010.07.02"]

1. d4 d5 2. c4 dxc4 3. Nf3 e6 4. e3 Nf6 5. Bxc4 a6 6. O-O Nbd7 7. a3 b5 8.
Be2 c5 9. dxc5 Bxc5 10. b4 Be7 11. Nbd2 O-O 12. Nb3 Nb6 13. Nfd4 e5 14. Nc6
Qc7 15. Nxe7+ Qxe7 16. Nc5 Be6 17. e4 Rfd8 18. Qe1 Bc4 19. a4 h6 20. Bb2
Nh7 21. f4 a5 22. axb5 axb4 23. Na6 exf4 24. Rxf4 Ng5 25. e5 Bxe2 26. Qxe2
Nd5 27. Rc4 Qb7 28. Rc6 Nf4 29. Qc4 Nxg2 30. Kxg2 Rd2+ 31. Kg3 Rxb2 32. Rd1
Qe7 33. Rc8+ Kh7 34. Re1 Rxc8 35. Qxc8 Ne6 36. h4 Rb3+ 37. Kg4 h5+ 0-1

[Event "ROC Nova College GpA"]
[Site "Haarlem NED"]
[Date "2010.07.03"]
[Round "4"]
[White "Swinkels,R"]
[Black "Sadler,M"]
[Result "1/2-1/2"]
[WhiteElo "2483"]
[BlackElo "2617"]
[EventDate "2010.07.02"]

1. e4 e5 2. Nf3 Qe7 3. Nc3 Nf6 4. Bc4 c6 5. Bb3 d6 6. d4 Bg4 7. Be3 Qc7 8.
h3 Bh5 9. g4 Bg6 10. Nd2 d5 11. exd5 Bb4 12. dxe5 Qxe5 13. Qe2 Bxc3 14.
bxc3 O-O 15. Bd4 Qxe2+ 16. Kxe2 Nxd5 17. Nf1 Re8+ 18. Ne3 Nxe3 19. Bxe3 Nd7
20. Rad1 Nc5 21. f3 Re7 1/2-1/2

[Event "ROC Nova College GpA"]
[Site "Haarlem NED"]
[Date "2010.07.03"]
[Round "4"]
[White "Van den Doel,E"]
[Black "Haslinger,S"]
[Result "1/2-1/2"]
[WhiteElo "2591"]
[BlackElo "2552"]
[EventDate "2010.07.02"]

1. e4 e5 2. Nf3 Nc6 3. Bb5 a6 4. Ba4 Nf6 5. O-O Be7 6. Re1 b5 7. Bb3 d6 8.
c3 O-O 9. h3 Na5 10. Bc2 c5 11. d4 Qc7 12. Nbd2 Bd7 13. Nf1 Nc4 14. b3 Nb6
15. Bg5 c4 16. Ne3 cxb3 17. Bxb3 a5 18. Rc1 Rac8 19. a3 a4 20. Ba2 Be6 21.
Bxe6 fxe6 22. Qd3 Nc4 23. Nxc4 Qxc4 24. Qxc4 Rxc4 25. dxe5 dxe5 26. Nxe5
Bxa3 27. Nxc4 Bxc1 28. Bxf6 gxf6 29. Rxc1 bxc4 30. Ra1 Ra8 31. f4 a3 32.
Kf2 e5 33. fxe5 fxe5 34. Ke3 Kf7 35. h4 Ke6 36. Kd2 Rg8 37. Rxa3 Rxg2+ 38.
Ke3 Rg3+ 39. Kf2 Rg4 40. Ke3 Rg3+ 41. Ke2 Rg4 42. Ke3 Rxh4 43. Ra4 Rh3+ 44.
Kd2 Rh2+ 45. Ke3 Rh3+ 46. Kd2 Kf6 47. Rxc4 Kg5 48. Rc7 Kf4 49. c4 Kxe4 50.
Rd7 h5 51. c5 Ra3 52. Rh7 Rd3+ 53. Ke2 Rc3 54. Rxh5 Rc2+ 55. Kd1 Rxc5 56.
Kd2 Kf3 57. Rh3+ Kf4 58. Rh4+ Kg3 59. Rh8 Kf3 60. Rh3+ Ke4 61. Rh4+ Kf5 62.
Kd3 Ra5 63. Rh5+ Kf4 64. Rh4+ Kg5 65. Rh8 Ra4 66. Ke3 Kf5 67. Rh5+ Ke6 68.
Rh8 Kd5 69. Rd8+ Ke6 70. Re8+ Kd5 1/2-1/2

[Event "ROC Nova College GpA"]
[Site "Haarlem NED"]
[Date "2010.07.03"]
[Round "4"]
[White "Kravtsiv,M"]
[Black "Ris,R"]
[Result "1/2-1/2"]
[WhiteElo "2559"]
[BlackElo "2423"]
[EventDate "2010.07.02"]

1. e4 e5 2. Nf3 Nc6 3. Bb5 Bc5 4. O-O Nd4 5. Nxd4 Bxd4 6. c3 Bb6 7. d4 c6
8. Bc4 d6 9. dxe5 dxe5 10. Qh5 Qe7 11. Bg5 Nf6 12. Qf3 Bd8 13. Nd2 h6 14.
Bh4 g5 15. Bg3 Bg4 16. Qd3 Bb6 17. h3 Rd8 18. Qc2 Be6 19. Be2 Bc7 20. Nc4
Bxc4 21. Bxc4 Nh5 22. Qe2 Nf4 23. Qg4 Qd7 24. Qf3 O-O 25. Rad1 Qe7 26. Qg4
b5 27. Bb3 Kg7 28. h4 Ng6 29. h5 Nf4 30. Bxf4 exf4 31. Qf5 Qf6 32. Rxd8
Rxd8 33. Qxf6+ Kxf6 34. Rd1 Rxd1+ 35. Bxd1 Ke5 36. f3 Kd6 1/2-1/2

[Event "ROC Nova College GpA"]
[Site "Haarlem NED"]
[Date "2010.07.03"]
[Round "4"]
[White "Van Oosterom,C"]
[Black "Turov,M"]
[Result "1/2-1/2"]
[WhiteElo "2413"]
[BlackElo "2628"]
[EventDate "2010.07.02"]

1. e4 c6 2. d4 d5 3. exd5 cxd5 4. c4 Nf6 5. Nc3 g6 6. Qb3 Bg7 7. cxd5 O-O
8. Be2 Na6 9. Bf3 Qb6 10. Qxb6 axb6 11. Nge2 Nb4 12. O-O Rd8 13. d6 Rxd6
14. Bf4 Rd7 15. Rfd1 Nfd5 16. Bg3 Nxc3 17. bxc3 Nc6 18. Nf4 Ra5 19. Nd3 Ra3
20. Rdc1 Bh6 21. Rc2 Rd8 22. Bc7 Rxd4 23. cxd4 Nxd4 24. Rc4 Nxf3+ 25. gxf3
Rxd3 26. Bxb6 Be6 27. Rd4 Rxf3 28. Rd8+ Kg7 29. Bd4+ f6 30. Rb1 Bxa2 31.
Rxb7 g5 32. Rxe7+ Kg6 33. Rd6 Bf8 34. Rxf6+ Rxf6 35. Bxf6 Kxf6 36. Rxh7 Be6
37. Ra7 Kf5 38. Ra5+ Kg4 39. Kg2 Bd6 40. f3+ Kf4 41. Ra4+ Kf5 42. h4 gxh4
1/2-1/2

[Event "ROC Nova College GpA"]
[Site "Haarlem NED"]
[Date "2010.07.04"]
[Round "5"]
[White "Sadler,M"]
[Black "Van den Doel,E"]
[Result "1/2-1/2"]
[WhiteElo "2617"]
[BlackElo "2591"]
[EventDate "2010.07.02"]

1. e4 e5 2. Nf3 Nc6 3. Bb5 a6 4. Ba4 Nf6 5. Qe2 Be7 6. d3 b5 7. Bb3 O-O 8.
Nbd2 d6 9. c3 Na5 10. Bc2 c5 11. Nf1 Nc6 12. Ng3 Re8 13. O-O h6 14. h3 Bf8
15. Nh2 d5 16. f4 exf4 17. Bxf4 Ne5 18. Qf2 dxe4 19. dxe4 Nd3 20. Bxd3 Qxd3
21. Rad1 Qc4 22. Bxh6 Qxa2 23. Rd5 Bb7 24. Rg5 Nxe4 25. Nxe4 Bxe4 26. Qg3
Bg6 27. Rxg6 fxg6 28. Qxg6 Re7 29. Ng4 Rf7 30. Nf6+ Rxf6 31. Rxf6 Ra7 32.
Be3 Qd5 33. Rf5 Qd1+ 34. Rf1 Qd5 35. Rf5 Qd1+ 36. Rf1 Qd5 37. Rf5 1/2-1/2

[Event "ROC Nova College GpA"]
[Site "Haarlem NED"]
[Date "2010.07.04"]
[Round "5"]
[White "Ris,R"]
[Black "Swinkels,R"]
[Result "1/2-1/2"]
[WhiteElo "2423"]
[BlackElo "2483"]
[EventDate "2010.07.02"]

1. d4 Nf6 2. c4 e6 3. Nc3 Bb4 4. Qc2 O-O 5. e4 d5 6. e5 Ne4 7. Bd3 c5 8.
Nge2 Nc6 9. O-O cxd4 10. cxd5 exd5 11. Nxd5 Qxd5 12. Bxe4 Qxe5 13. Bxh7+
Kh8 14. Bf4 Qf6 15. Be4 Re8 16. f3 Kg8 17. Bg3 Be6 18. Nf4 Rac8 19. Nxe6
fxe6 20. Rad1 Ba5 21. Qb3 Bb6 22. f4 Na5 23. Qb5 Nc4 24. f5 Ne3 25. Qd3
Nxd1 26. Qxd1 Rf8 27. Bd3 exf5 28. Qh5 g6 29. Qh3 Rfe8 30. Bh4 Qd6 31. Bg3
Qf6 32. Bh4 Qd6 33. Bg3 Qe6 34. Bf4 Re7 35. b3 Rc3 36. Bd2 Rh7 37. Qf3 Qd6
38. Bf4 Qc6 39. Qe2 Bc7 40. Bc4+ Kh8 41. Be5+ Bxe5 42. Qxe5+ Rg7 43. Rf4 g5
44. Rxf5 Re3 45. Qxd4 Qb6 46. Rc5 Re1+ 47. Kf2 Re8 48. b4 Qxb4 49. Rxg5
Qe1+ 50. Kf3 Qe3+ 51. Qxe3 Rxe3+ 52. Kxe3 Rxg5 53. g3 Kg7 54. Kf4 Rc5 55.
Bb3 a5 56. Ke4 a4 57. Bd5 b5 58. Kd4 Rc2 59. h4 b4 60. Kd3 Rc3+ 61. Kd2
Rxg3 62. Kc2 Rc3+ 63. Kb1 Kg6 64. Be6 Kh5 65. Bd7 a3 66. Bf5 Kxh4 67. Ka1
Kg3 68. Be4 Kf4 69. Bg6 Ke3 70. Bh7 Kd2 71. Bg6 Rc6 72. Bh7 Kc1 73. Be4 Rd6
74. Bf5 Rd2 75. Bg6 Re2 76. Bh7 Re1 77. Bb1 Re7 78. Bg6 Kd2 79. Bb1 Kc3 80.
Bf5 Rg7 81. Bb1 b3 82. axb3 Kb4 83. Ba2 Rg2 84. Bb1 Re2 85. Ba2 Rf2 86. Bb1
a2 87. Bxa2 Ka3 88. Bb1 Kb4 89. Bd3 Rd2 90. Bc4 Kc3 91. Kb1 Rb2+ 92. Kc1
Rxb3 93. Bxb3 Kxb3 1/2-1/2

[Event "ROC Nova College GpA"]
[Site "Haarlem NED"]
[Date "2010.07.04"]
[Round "6"]
[White "Peng Zhaoqin"]
[Black "Sadler,M"]
[Result "0-1"]
[WhiteElo "2403"]
[BlackElo "2617"]
[EventDate "2010.07.02"]

1. d4 Nf6 2. c4 b6 3. Nc3 Bb7 4. Nf3 g6 5. e3 Bg7 6. Bd3 O-O 7. O-O d6 8.
e4 c5 9. d5 e5 10. a3 Na6 11. Rb1 Ne8 12. b4 Bc8 13. Bg5 f6 14. Bh4 Qd7 15.
Bc2 h5 16. h3 Qe7 17. Ne1 Bh6 18. Nd3 Ng7 19. Ba4 g5 20. Bg3 f5 21. Bc6 Rb8
22. exf5 Bxf5 23. f3 Bg6 24. Bf2 Nf5 25. Qe2 Nd4 26. Bxd4 cxd4 27. Ne4 g4
28. Kh2 Be3 29. c5 bxc5 30. bxc5 Rxb1 31. Rxb1 Bxe4 32. fxe4 Nxc5 33. Nxc5
dxc5 34. d6 Qxd6 35. Bd5+ Kg7 36. hxg4 Rf2 37. Rb7+ Kh6 38. Qb5 Qf6 39. g5+
Kxg5 0-1

[Event "ROC Nova College GpA"]
[Site "Haarlem NED"]
[Date "2010.07.04"]
[Round "6"]
[White "Swinkels,R"]
[Black "Turov,M"]
[Result "0-1"]
[WhiteElo "2483"]
[BlackElo "2628"]
[EventDate "2010.07.02"]

1. d4 Nf6 2. c4 g6 3. g3 Bg7 4. Bg2 O-O 5. Nc3 d6 6. Nf3 Nc6 7. O-O a6 8.
Qd3 Nd7 9. Bg5 h6 10. Be3 e5 11. Qd2 exd4 12. Nxd4 Nce5 13. b3 Ng4 14. h3
Nxe3 15. Qxe3 Re8 16. Qd2 Nc5 17. Kh2 a5 18. Rab1 c6 19. e3 h5 20. a3 a4
21. b4 Nb3 22. Nxb3 axb3 23. Rxb3 Be6 24. Qe2 b5 25. Bxc6 bxc4 26. Rbb1
Bxc3 27. a4 Rb8 28. Bxe8 Qxe8 29. b5 Qd8 30. Rfc1 Qa5 31. Rc2 d5 32. Rbc1
Be5 33. e4 d4 34. Rxc4 Bxc4 35. Rxc4 h4 36. f4 d3 37. Qxd3 hxg3+ 38. Kxg3
Qe1+ 39. Kf3 Qh1+ 40. Kg3 Qg1+ 41. Kf3 Bf6 42. e5 Rd8 43. Qe2 Bh4 44. a5
Qg3+ 45. Ke4 0-1

[Event "ROC Nova College GpA"]
[Site "Haarlem NED"]
[Date "2010.07.04"]
[Round "6"]
[White "Kravtsiv,M"]
[Black "Haslinger,S"]
[Result "1-0"]
[WhiteElo "2559"]
[BlackElo "2552"]
[EventDate "2010.07.02"]

1. e4 e5 2. Nf3 d6 3. d4 exd4 4. Nxd4 Nf6 5. Nc3 Be7 6. Be2 O-O 7. O-O Re8
8. Re1 Bf8 9. Bf1 Nbd7 10. Bg5 c6 11. h3 Ne5 12. Bh4 a5 13. Kh1 a4 14. Rb1
Bd7 15. b4 axb3 16. axb3 b5 17. b4 Ra3 18. Nb3 Ng6 19. Bg5 h6 20. Bd2 Ra8
21. f4 c5 22. e5 dxe5 23. fxe5 Rxe5 24. Nxc5 Bxc5 25. Rxe5 Nxe5 26. bxc5
Qc7 27. Be3 Rd8 28. Qe1 Nc4 29. Bd4 Nh5 30. Nd5 Qg3 31. Qe7 Rf8 32. Qxd7
Nd2 33. Ne7+ Kh8 34. Bxg7+ Qxg7 35. Qxd2 Ng3+ 36. Kg1 Re8 37. Bxb5 1-0

[Event "ROC Nova College GpA"]
[Site "Haarlem NED"]
[Date "2010.07.04"]
[Round "6"]
[White "Van Oosterom,C"]
[Black "Ris,R"]
[Result "1-0"]
[WhiteElo "2413"]
[BlackElo "2423"]
[EventDate "2010.07.02"]

1. c4 Nf6 2. g3 g6 3. Bg2 Bg7 4. Nc3 O-O 5. d4 d6 6. Nf3 Nc6 7. O-O a6 8.
d5 Na5 9. Nd2 c5 10. Qc2 Rb8 11. a4 e6 12. b3 exd5 13. cxd5 Bf5 14. e4 Bd7
15. Bb2 b5 16. axb5 axb5 17. Nd1 b4 18. Ne3 Bb5 19. Rfe1 Nd7 20. Bxg7 Kxg7
21. f4 Ra8 22. e5 dxe5 23. fxe5 Nxe5 24. Qxc5 Rb8 25. d6 Nd3 26. Qd4+ Qf6
27. Qxf6+ Kxf6 28. Rf1+ 1-0